[Event "BEL-chT 2122"]
[Site "Belgium"]
[Date "2022.02.20"]
[Round "8.5"]
[White "Hautot, Stephane"]
[Black "Lafosse, Jimmy"]
[Result "1/2-1/2"]
[WhiteElo "2321"]
[BlackElo "2229"]
[PlyCount "20"]
[EventDate "2021.10.24"]
[EventType "team-tourn"]
[EventRounds "11"]
[EventCountry "BEL"]
[SourceTitle "EXT 2023"]
[Source "ChessBase"]
[SourceDate "2022.10.05"]
[SourceVersion "1"]
[SourceVersionDate "2022.10.05"]
[SourceQuality "1"]
[WhiteTeam "Wirtzfeld"]
[BlackTeam "Tal"]
[WhiteTeamCountry "BEL"]
[BlackTeamCountry "BEL"]

1. d4 e6 2. Nf3 f5 3. g3 b6 4. Bg2 Bb7 5. 0-0 Nf6 6. c4 g6 7. Nc3 Bg7 8. b3 0-0 9. Bb2 d6 10. Qc2 Nbd7 1/2-1/2

[Event "Mittelrhein Regionalliga 16/17"]
[Site "Nordrheinwestfalen"]
[Date "2017.02.19"]
[Round "8.4"]
[White "Lafosse, Jimmy"]
[Black "Foth, Stefan"]
[Result "1-0"]
[WhiteElo "2169"]
[BlackElo "1808"]
[PlyCount "82"]
[EventDate "2016.09.11"]
[EventType "team-tourn"]
[EventRounds "11"]
[EventCountry "GER"]
[SourceTitle "EXT 2022"]
[Source "ChessBase"]
[SourceDate "2021.10.06"]
[SourceVersion "1"]
[SourceVersionDate "2021.10.06"]
[SourceQuality "1"]
[WhiteTeam "Aachen DJK Aufwärts III"]
[BlackTeam "Dormagen SV"]
[WhiteTeamCountry "GER"]
[BlackTeamCountry "GER"]

1. e4 e6 2. d3 c5 3. g3 Nc6 4. Bg2 g6 5. f4 Bg7 6. Nf3 Nge7 7. 0-0 f5 8. c3 b6 9. Na3 Bb7 10. e5 0-0 11. Nc4 Nc8 12. Re1 b5 13. Na3 a6 14. d4 cxd4 15. Nxd4 Qc7 16. Nb3 Rb8 17. Nc5 Nb6 18. Nxb7 Qxb7 19. Nc2 Qc7 20. b3 Rfe8 21. Ba3 Bf8 22. Rc1 Bxa3 23. Nxa3 Ne7 24. Kh1 Qc5 25. Nb1 Nbd5 26. c4 Nb6 27. cxb5 Qxb5 28. Qd2 Ned5 29. Nc3 Qb4 30. Rc2 Nxc3 31. Qxc3 Qxc3 32. Rxc3 Kf7 33. Rc5 d5 34. exd6 Red8 35. Rc7+ Kf6 36. Rd1 Nc8 37. d7 Nb6 38. Bc6 h6 39. Kg2 g5 40. Ra7 g4 41. Rxa6 e5 1-0

[Event "BEL-chT 1415"]
[Site "Belgium"]
[Date "2014.11.30"]
[Round "5.8"]
[White "Bruno, Ricardo"]
[Black "Lafosse, Jimmy"]
[Result "1/2-1/2"]
[WhiteElo "2016"]
[BlackElo "2112"]
[PlyCount "48"]
[EventDate "2014.09.28"]
[EventType "team-swiss"]
[EventRounds "11"]
[EventCountry "BEL"]
[SourceTitle "EXT 2016"]
[Source "ChessBase"]
[SourceDate "2015.10.08"]
[SourceVersion "1"]
[SourceVersionDate "2015.10.08"]
[SourceQuality "1"]
[WhiteTeam "Charleroi CREC"]
[BlackTeam "Wirtzfeld"]
[WhiteTeamCountry "BEL"]
[BlackTeamCountry "BEL"]

1. e4 e6 2. d4 d5 3. Nc3 Bb4 4. e5 b6 5. Bd2 Ne7 6. Nf3 0-0 7. Ne2 Bxd2+ 8. Qxd2 c5 9. c3 Ba6 10. g3 Nbc6 11. Bh3 Qd7 12. Rd1 Rac8 13. 0-0 Rc7 14. Rfe1 Ng6 15. Nf4 Nxf4 16. Qxf4 Ne7 17. Ng5 h6 18. Nf3 Bb5 19. Qe3 Ng6 20. Bg4 c4 21. h4 Qd8 22. h5 Ne7 23. Nh4 Bd7 24. f4 Nf5 1/2-1/2

[Event "Charleroi op"]
[Site "Charleroi"]
[Date "2012.07.30"]
[Round "3"]
[White "Lafosse, Jimmy"]
[Black "Zubarev, Alexander2222"]
[Result "0-1"]
[WhiteElo "2136"]
[BlackElo "2596"]
[PlyCount "140"]
[EventDate "2012.07.28"]
[EventType "swiss"]
[EventRounds "9"]
[EventCountry "BEL"]
[SourceTitle "CBM 149 Extra"]
[Source "ChessBase"]
[SourceDate "2012.08.24"]
[SourceVersion "1"]
[SourceVersionDate "2012.08.24"]
[SourceQuality "1"]

1. Nf3 d5 2. c4 d4 3. b4 g6 4. Bb2 Bg7 5. d3 e5 6. g3 Ne7 7. Bg2 c5 8. bxc5 Nd7 9. Nbd2 Nxc5 10. 0-0 0-0 11. Ba3 Qc7 12. Rb1 Rb8 13. Rb5 b6 14. Bxc5 bxc5 15. Rxb8 Qxb8 16. Qb3 Qc7 17. Qa3 Bd7 18. Rb1 Rc8 19. Ne1 Nc6 20. Nc2 Bf8 21. Qa6 Rb8 22. Rxb8 Nxb8 23. Qb7 Qxb7 24. Bxb7 f5 25. Na3 a6 26. Nb3 Kf7 27. Bd5+ Ke8 28. Na5 Kd8 29. Nb1 Kc7 30. Nd2 Kb6 31. Ndb3 Bc8 32. Kf1 Nd7 33. Be6 Kc7 34. g4 Nb6 35. gxf5 gxf5 36. Bxc8 Nxc8 37. Nd2 Be7 38. Nab3 Nb6 39. e3 Na4 40. Nb1 Kd6 41. Ke2 Bd8 42. exd4 exd4 43. f4 Ke6 44. Kf3 Bc7 45. Na3 Bd6 46. Nb1 Nb2 47. Nc1 Bc7 48. Nd2 Ba5 49. Ndb3 Bb4 50. Na1 Kd6 51. Nc2 Bc3 52. Ke2 Na4 53. Ne1 Bb2 54. Kd2 Nc3 55. Ne2 Nxa2 56. Kc2 Bc3 57. Kb3 Bxe1 58. Kxa2 Bd2 59. Kb3 Ke6 60. Kc2 Be3 61. Kb3 Kf6 62. Ka4 Bd2 63. Ng1 Bxf4 64. Ka5 Kg5 65. Kb6 Bd6 66. Kc6 Bf8 67. Ne2 f4 68. Kd5 f3 69. Ng3 Kf4 70. Ne4 Ke3 0-1

[Event "Brussels FEFB-ch"]
[Site "Brussels"]
[Date "2012.05.19"]
[Round "5"]
[White "Claesen, Pieter"]
[Black "Lafosse, Jimmy"]
[Result "0-1"]
[WhiteElo "2384"]
[BlackElo "2085"]
[PlyCount "132"]
[EventDate "2012.05.17"]
[EventType "swiss"]
[EventRounds "7"]
[EventCountry "BEL"]
[SourceTitle "EXT 2014"]
[Source "ChessBase"]
[SourceDate "2013.11.20"]
[SourceVersion "1"]
[SourceVersionDate "2013.11.20"]
[SourceQuality "1"]

1. c4 e6 2. Nf3 Nf6 3. g3 c5 4. Bg2 Be7 5. 0-0 0-0 6. d4 cxd4 7. Nxd4 d5 8. cxd5 exd5 9. Nd2 Nc6 10. N2b3 Bd7 11. Nxc6 bxc6 12. Be3 Re8 13. Rc1 Bd6 14. Bc5 Bc7 15. Bd4 Ne4 16. Nc5 Nxc5 17. Rxc5 Bb6 18. Rc2 Bxd4 19. Qxd4 Qb6 20. Rd1 Re7 21. e3 Rb8 22. b3 Qxd4 23. Rxd4 f5 24. Rc5 Rb6 25. Ra4 Be8 26. Rd4 Reb7 27. Kf1 Kf8 28. Ke2 Ke7 29. Rc2 Rb4 30. Rxb4 Rxb4 31. Rc5 Kd6 32. Ra5 Rb7 33. Ra6 Bd7 34. Kd2 Bc8 35. Ra5 Bd7 36. Ra6 Bc8 37. Ra5 Bd7 38. Kc3 Bc8 39. b4 Bd7 40. a3 Bc8 41. Kd4 Be6 42. Ra6 Bf7 43. Bf1 Kd7 44. Ke5 g6 45. h4 Kc7 46. Bd3 Kd7 47. h5 Kc7 48. h6 Kd7 49. Bf1 Kc7 50. Be2 Kd7 51. Bf3 Kc7 52. a4 Kd7 53. b5 cxb5 54. axb5 Ke7 55. Be2 Bg8 56. Rc6 Bf7 57. Rc8 Be8 58. Kxd5 Bxb5 59. Rh8 Bxe2 60. Rxh7+ Kf6 61. Rh8 g5 62. e4 Bf3 63. Rf8+ Rf7 64. Rxf7+ Kxf7 65. Ke5 Bxe4 66. g4 a5 0-1

[Event "BEL-chT 1112"]
[Site "Belgium"]
[Date "2012.04.01"]
[Round "11.8"]
[White "Lafosse, Jimmy"]
[Black "Gohla, Ulf"]
[Result "0-1"]
[WhiteElo "2058"]
[BlackElo "2182"]
[PlyCount "48"]
[EventDate "2011.10.09"]
[EventType "team-tourn"]
[EventRounds "11"]
[EventCountry "BEL"]
[SourceTitle "EXT 2013"]
[Source "ChessBase"]
[SourceDate "2012.11.22"]
[SourceVersion "1"]
[SourceVersionDate "2012.11.22"]
[SourceQuality "1"]
[WhiteTeam "Ans"]
[BlackTeam "Eynatten"]
[WhiteTeamCountry "BEL"]
[BlackTeamCountry "BEL"]

1. e4 e5 2. Nf3 Nc6 3. Bc4 Bc5 4. b4 Bxb4 5. c3 Ba5 6. d4 exd4 7. 0-0 Nge7 8. Ng5 d5 9. exd5 Ne5 10. Qxd4 f6 11. Re1 Bb6 12. Qd1 Nxc4 13. Qa4+ Qd7 14. Qxc4 fxg5 15. Ba3 Bxf2+ 16. Kxf2 0-0+ 17. Kg1 Rf4 18. Qb3 Nxd5 19. Rd1 c6 20. Bc1 Rf7 21. Nd2 Qe7 22. Nf1 Bg4 23. Ba3 Bxd1 24. Rxd1 Qf6 0-1

[Event "Brussels FEFB-ch"]
[Site "Brussels"]
[Date "2011.06.02"]
[Round "3"]
[White "Lafosse, Jimmy"]
[Black "Gulbas, Cemil"]
[Result "0-1"]
[WhiteElo "2065"]
[BlackElo "2396"]
[PlyCount "48"]
[EventDate "2011.06.01"]
[EventType "tourn"]
[EventRounds "7"]
[EventCountry "BEL"]
[SourceTitle "CBM 142 Extra"]
[Source "ChessBase"]
[SourceDate "2011.06.27"]
[SourceVersion "1"]
[SourceVersionDate "2011.06.27"]
[SourceQuality "1"]

1. e4 g6 2. d4 Bg7 3. Nc3 c6 4. h3 d5 5. Nf3 Nh6 6. g4 dxe4 7. Nxe4 f5 8. gxf5 Nxf5 9. c3 Be6 10. Bd3 Nd7 11. Neg5 Bd5 12. Bxf5 gxf5 13. Nh4 0-0 14. Rg1 e5 15. Qd3 Qf6 16. c4 Be4 17. Qg3 f4 18. Qb3 exd4 19. c5+ Kh8 20. f3 Bd5 21. Qc2 Rae8+ 22. Kf1 Bg8 23. Rg4 d3 24. Qxd3 Ne5 0-1

[Event "Brussels FEFB-ch"]
[Site "Brussels"]
[Date "2011.06.01"]
[Round "1"]
[White "Lafosse, Jimmy"]
[Black "Brouri Mohand, Salah"]
[Result "0-1"]
[WhiteElo "2065"]
[BlackElo "2031"]
[PlyCount "80"]
[EventDate "2011.06.01"]
[EventType "tourn"]
[EventRounds "7"]
[EventCountry "BEL"]
[SourceTitle "CBM 142 Extra"]
[Source "ChessBase"]
[SourceDate "2011.06.27"]
[SourceVersion "1"]
[SourceVersionDate "2011.06.27"]
[SourceQuality "1"]

1. f4 d5 2. Nf3 g6 3. e3 Bg7 4. Be2 Nf6 5. 0-0 0-0 6. d3 c6 7. Nc3 Qb6 8. h3 Nbd7 9. Qe1 Rd8 10. Qh4 c5 11. Ne5 a6 12. Bf3 e6 13. a4 Qc7 14. d4 b6 15. Bd2 Bb7 16. Be1 Rac8 17. Rd1 Ne4 18. Bxe4 dxe4 19. Qe7 Nxe5 20. Qxc7 Rxc7 21. dxe5 Rxd1 22. Nxd1 Rd7 23. Nc3 Bc6 24. Bh4 Bf8 25. b3 c4 26. Be1 Bc5 27. bxc4 Bxe3+ 28. Kh2 Rd4 29. a5 bxa5 30. Ne2 Rxc4 31. Bh4 Rxc2 32. Rd1 Bd5 33. Rb1 Ba7 34. Nd4 Rc3 35. Nb3 a4 36. Nc1 a3 37. Ra1 Bc5 38. Nb3 Bb4 39. Nc1 Rc2 40. Rb1 a5 0-1

[Event "Roux CREC op"]
[Site "Roux"]
[Date "2009.07.26"]
[Round "2"]
[White "Dgebuadze, Alexandre"]
[Black "Lafosse, Jimmy"]
[Result "1-0"]
[WhiteElo "2516"]
[BlackElo "2014"]
[PlyCount "43"]
[EventDate "2009.07.25"]
[EventType "swiss"]
[EventRounds "9"]
[EventCountry "BEL"]
[SourceTitle "EXT 2010"]
[Source "ChessBase"]
[SourceDate "2010.11.25"]
[SourceVersion "1"]
[SourceVersionDate "2010.11.25"]
[SourceQuality "1"]

1. e4 g6 2. d4 Bg7 3. Nc3 c5 4. dxc5 Qa5 5. Bd2 Qxc5 6. Nd5 Na6 7. Nf3 Nf6 8. b4 Qd6 9. Nxf6+ Bxf6 10. Rb1 Qe6 11. Bd3 d5 12. e5 Nc7 13. 0-0 Bg7 14. Re1 0-0 15. b5 Qd7 16. Rb4 b6 17. Rh4 f6 18. Bh6 Ne6 19. Bxg7 Nxg7 20. Qd2 Rf7 21. Bxg6 hxg6 22. Qh6 1-0

[Event "Maastricht Limburg op 3rd"]
[Site "Maastricht"]
[Date "2009.05.31"]
[Round "5"]
[White "Kalla, Christian"]
[Black "Lafosse, Jimmy"]
[Result "0-1"]
[WhiteElo "1977"]
[BlackElo "2039"]
[PlyCount "120"]
[EventDate "2009.05.29"]
[EventType "swiss"]
[EventRounds "7"]
[EventCountry "NED"]
[SourceTitle "CBM 130 Extra"]
[Source "ChessBase"]
[SourceDate "2009.07.02"]
[SourceVersion "2"]
[SourceVersionDate "2009.07.15"]
[SourceQuality "1"]

1. e4 c5 2. c3 g6 3. d4 cxd4 4. cxd4 d5 5. e5 Nc6 6. Nf3 Bg4 7. Be2 Qb6 8. Nbd2 Nh6 9. Qb3 Nf5 10. 0-0 Nfxd4 11. Qd1 Nxe2+ 12. Qxe2 Bg7 13. h3 Nd4 14. Qd3 Nxf3+ 15. Nxf3 Bxf3 16. Qxf3 Rd8 17. Rd1 Bxe5 18. Rxd5 Rxd5 19. Qxd5 Bd4 20. Qf3 0-0 21. Rb1 Rc8 22. Be3 Bxe3 23. fxe3 Qc6 24. Qxc6 Rxc6 25. Kf2 Rc2+ 26. Kf3 Kg7 27. a4 f5 28. g3 Kf6 29. g4 e5 30. b4 e4+ 31. Kg3 Rc3 32. Kf2 fxg4 33. hxg4 Kg5 34. Rh1 h6 35. Rd1 Rc4 36. Kg3 Rxb4 37. Rd5+ Kf6 38. Rd7 Ke5 39. Re7+ Kf6 40. Rd7 h5 41. gxh5 gxh5 42. Kf4 Ke6 43. Rh7 h4 44. a5 a6 45. Rxh4 Rb5 46. Rh6+ Kd5 47. Rh7 Kc6 48. Rh6+ Kd5 49. Rh7 Kc5 50. Kxe4 Kb4 51. Kd4 Kxa5 52. Rh6 Rg5 53. e4 Kb5 54. e5 Rg1 55. Kd5 Rd1+ 56. Ke4 Kc5 57. Kf5 a5 58. e6 Rf1+ 59. Ke5 a4 60. e7 Re1+ 0-1

[Event "Maastricht Limburg op 3rd"]
[Site "Maastricht"]
[Date "2009.05.31"]
[Round "4"]
[White "Lafosse, Jimmy"]
[Black "Schiffers, Sascha"]
[Result "0-1"]
[WhiteElo "2039"]
[BlackElo "2139"]
[PlyCount "38"]
[EventDate "2009.05.29"]
[EventType "swiss"]
[EventRounds "7"]
[EventCountry "NED"]
[SourceTitle "CBM 130 Extra"]
[Source "ChessBase"]
[SourceDate "2009.07.02"]
[SourceVersion "2"]
[SourceVersionDate "2009.07.15"]
[SourceQuality "1"]

1. e4 e5 2. Nf3 Nc6 3. Bc4 Nf6 4. d4 exd4 5. e5 d5 6. Bb5 Ne4 7. Nxd4 Bc5 8. 0-0 0-0 9. Nxc6 bxc6 10. Bxc6 Ba6 11. Qxd5 Bxf1 12. Qxe4 Qd1 13. Nc3 Rad8 14. Bd5 Bd3+ 15. Nxd1 Bxe4 16. Be3 Rxd5 17. Nc3 Bxe3 18. Nxd5 Bxf2+ 19. Kxf2 Bxd5 0-1